=LDR 00000nam 2200000 4500 =001 INLIS000000000036539 =005 20130612142324 =008 ***********************************Ind** =035 ##$$0010-061300000036539 =041 ##$$a Ind =082 ##$$a 741.5 =090 ##$$a 741.5, Wes k =100 ##$$a West, David =245 ##$$a Komik sains, pekerjaan menentang bahaya pilot pesawat baru sergap, David West ; alih bahasa, Yustina Koen S =260 ##$$a 2009 $b Jakarta =300 ##$$a 50 hlm, ilus, 25 cm =650 ##$$a Komik, Bacaan =850 ##$$a NBPNMAT